000
00318nam a2200121Ia 4500
008
171211s9999 xx 000 0 und d
020
_a
9781119978107
100
_a
Dimmock, N.J.
245
_a
Introduction to Modern Virology
250
_a
7th Edition
260
_b
John Willy & Sons, Ltd.
_c
2016
300
_a
519 pages
999
_c
350821
_d
350821